| 000 | 01128nam a2200313 i 4500 | ||
|---|---|---|---|
| 003 | DO-SdBNP | ||
| 005 | 20240715093127.0 | ||
| 006 | a||||gr|||| 00| 0 | ||
| 007 | ta | ||
| 008 | 240712t1983 sp a|||| |||| 00| 0 spa d | ||
| 020 | _a8427705611 | ||
| 040 |
_aDO-SdBNP _bspa _cBNPHU _erda |
||
| 082 | 4 |
_222 _bF363d |
|
| 100 |
_aFernández, Sonsoles _eautora _986077 |
||
| 245 | 1 | 0 |
_aDidáctica de la gramática: _baportaciones de las teorías lingüísticas, descubrimiento del sistema de lengua / _cSonsoles Fernández, |
| 264 | 4 |
_aMadrid, España : _bEdiciones Narcea, _c©1982 |
|
| 300 |
_a238 páginas : _bilustraciones ; _c19 cm. |
||
| 336 |
_2rdacontent _atexto _btxt |
||
| 337 |
_2rdamedia _asin mediación _bn |
||
| 338 |
_2rdacarrier _avolumen _bnc |
||
| 490 | _aEducación Hoy | ||
| 500 | _aIncluye datos biográficos de la autora en la contracubierta. | ||
| 500 | _aIncluye bibliografía y notas al pie de páginas. | ||
| 504 | _aBibliografía: páginas 234-238 | ||
| 590 | _aInventariado 2024 / MF | ||
| 650 | 4 |
_aLingüística _xEnseñanza _927959 |
|
| 650 | 4 |
_aDidáctica _xGramática _979315 |
|
| 942 |
_2ddc _cLBS1 |
||
| 999 |
_c57290 _d57290 |
||